[Event "African Games Rapid Open 2019"]
[Site "Casablanca"]
[Date "2019.08.26"]
[Round "1.1"]
[White "Adly, Ahmed"]
[Black "Mphungu, Gerrard"]
[Result "1-0"]
[WhiteElo "2636"]
[BlackElo "2107"]
[Annotator "RC"]
[PlyCount "72"]
[EventDate "2019.08.26"]
[EventType "team-tourn"]
[EventCountry "MAR"]
[SourceTitle "playchess.com"]
[Source "ChessBase"]
[SourceQuality "1"]
[TimeControl "900+10"]

1. Nf3 {[%emt 0:00:00]} d5 {[%emt 0:00:00]} 2. e3 {[%emt 0:00:07]} c6 {[%emt 0:00:00]} 3. b3 {[%emt 0:00:06]} Bg4 {[%emt 0:00:39]} 4. Bb2 {[%emt 0:00:05]} Nd7 {[%emt 0:00:13]} 5. h3 {[%emt 0:00:04]} Bh5 {[%emt 0:00:04]} 6. c4 {[%emt 0:00:08]} e6 {[%emt 0:00:01]} 7. Nc3 {[%emt 0:00:24]} Ngf6 {[%emt 0:00:34]} 8. Ne2 {[%emt 0:00:03]} Qa5 {[%emt 0:00:47]} 9. Nf4 {[%emt 0:00:45]} Bxf3 {[%emt 0:00:59]} 10. gxf3 {[%emt 0:00:01]} Ba3 {[%emt 0:00:13]} 11. Qc2 {[%emt 0:00:03]} Bxb2 {[%emt 0:00:17]} 12. Qxb2 {[%emt 0:00:01]} Qc5 {[%emt 0:02:08]} 13. Rg1 {[%emt 0:00:11]} g6 {[%emt 0:01:17]} 14. Rc1 {[%emt 0:00:11]} Qd6 {[%emt 0:01:29]} 15. cxd5 {[%emt 0:00:42]} exd5 {[%emt 0:00:07]} 16. h4 {[%emt 0:00:09]} Qe5 {[%emt 0:00:56]} 17. Qa3 {[%emt 0:00:15]} a5 {[%emt 0:01:18]} 18. Bd3 {[%emt 0:00:57]} Nh5 {[%emt 0:00:52]} 19. Rg5 {[%emt 0:01:24]} Nxf4 {[%emt 0:01:32]} 20. Rxe5+ {[%emt 0:00:01]} Nxe5 {[%emt 0:00:01]} 21. Bf1 {[%emt 0:00:32]} Nfd3+ {[%emt 0:00:12]} 22. Kd1 {[%emt 0:00:12]} Nxc1 {[%emt 0:00:07]} 23. Kxc1 {[%emt 0:00:02]} Kd7 {[%emt 0:01:44]} 24. f4 {[%emt 0:00:37]} Ng4 {[%emt 0:01:17]} 25. f3 {[%emt 0:00:01]} Nh6 {[%emt 0:01:02]} 26. Qb2 {[%emt 0:00:01]} f5 {[%emt 0:00:38]} 27. Qg7+ {[%emt 0:00:02]} Ke6 {[%emt 0:00:27]} 28. Qxh6 {[%emt 0:00:02]} Rag8 {[%emt 0:00:12]} 29. Bh3 {[%emt 0:00:09]} a4 {[%emt 0:00:10]} 30. b4 {[%emt 0:00:05]} Kf6 {[%emt 0:00:28]} 31. Qg5+ {[%emt 0:00:04]} Kf7 {[%emt 0:00:04]} 32. Qh6 {[%emt 0:00:06]} Rg7 {[%emt 0:00:05]} 33. e4 {[%emt 0:00:08]} dxe4 {[%emt 0:00:07]} 34. fxe4 {[%emt 0:00:02]} fxe4 {[%emt 0:00:12]} 35. Be6+ {[%emt 0:00:03]} Kf6 {[%emt 0:00:02]} 36. Bc4 {[%emt 0:00:02]} Rc7 1-0

[Event "African Games Rapid Open 2019"]
[Site "Casablanca"]
[Date "2019.08.26"]
[Round "1.2"]
[White "Gole, Habtamu Ashenafi"]
[Black "Amin, Bassem"]
[Result "0-1"]
[WhiteElo "2046"]
[BlackElo "2692"]
[Annotator "TA"]
[PlyCount "32"]
[EventDate "2019.08.26"]
[EventType "team-tourn"]
[EventCountry "MAR"]
[SourceTitle "playchess.com"]
[Source "ChessBase"]
[SourceQuality "1"]

{[%evp 9,60,0,31,0,0,0,9,0,0,0,0,0,7,-22,-8,-20,-13,-84,-79,-105,-112,-102,-95,-109,-91,-158,-124,-187,-187,-187,-195,-190,-192,-226,-226,-370,-371,-458,-464,-985,-993,-2164,-1159,-1092,-1129,-1120,-1118,-1085,-1058,-1349,-1282,-29988,-29989]} 1. d4 f5 2. c4 Nf6 3. Nc3 e6 4. a3 Be7 5. d5 (5. g3 O-O 6. Bg2 Nc6 7. e3 d6 8. b4 Qe8 9. Nge2 e5 10. f4 a6 11. O-O e4 12. Bb2 Qh5 {½-½ (48) Indjic,A (2611)-Bauer,C (2647) Budapest 2017}) 5... e5 6. Nf3 $146 {A85: Dutch Defence: 2 c4 Nf6 3 Nc3} ({Predecessor:} 6. b4 d6 7. e3 O-O 8. Be2 Qe8 9. Nf3 c6 10. O-O e4 11. Nd4 g5 12. f4 g4 {0-1 (43) Shampanova,E-Budanov,V Riazan 2007}) 6... d6 7. e3 O-O 8. Be2 {The position is equal.} a5 9. O-O Bd7 10. Rb1 a4 11. b4 axb3 $1 12. Qxb3 b6 13. Re1 (13. c5 $11) 13... Na6 $17 14. Bb2 Nc5 15. Qc2 Qe8 16. Nd2 Nfe4 {Played: Qe8-g6} 0-1

[Event "African Games Rapid Open 2019"]
[Site "Casablanca"]
[Date "2019.08.26"]
[Round "1.3"]
[White "Hamdouchi, Hicham"]
[Black "Mwale, Joseph"]
[Result "1-0"]
[WhiteElo "2562"]
[BlackElo "2231"]
[Annotator "TA"]
[PlyCount "65"]
[EventDate "2019.08.26"]
[EventType "team-tourn"]
[EventCountry "MAR"]
[SourceTitle "playchess.com"]
[Source "ChessBase"]
[SourceQuality "1"]

{[%evp 18,65,7,11,41,0,0,9,10,7,13,11,20,33,29,25,28,27,51,54,48,50,49,48,44,50,85,43,35,44,48,23,60,60,77,75,140,136,324,320,477,476,843,189,597,580,583,580,570,558]} 1. e4 e5 2. Nf3 Nc6 3. Bc4 Nf6 4. d3 Bc5 5. c3 d6 ({Predecessor:} 5... O-O 6. O-O d6 7. h3 Bb6 8. Bb3 Ne7 9. Nbd2 h6 10. Re1 Ng6 11. Nc4 {0-1 (24) Fenil,S (2286)-Amin,B (2627) Abu Dhabi 2014}) 6. Nbd2 Bb6 7. Bb3 O-O 8. O-O Ne7 9. Nc4 Ng6 10. Re1 Be6 {C54: Giuoco Piano: 4 c3 Nf6, main lines with 5 d4 and 5 d3} 11. h3 h6 12. d4 exd4 $146 {The position is equal.} (12... c6 13. dxe5 dxe5 14. Ncxe5 Nxe5 15. Nxe5 {½-½ (32) Anand,V (2779)-Adams,M (2748) London 2016}) 13. cxd4 Bxc4 14. Bxc4 d5 15. exd5 Nxd5 16. Qb3 c6 17. Bd2 Qd6 18. a4 {[%cal Ba2a4,Ba4a5][%mdl 32]} Rab8 19. g3 Rfd8 20. Kg2 Qf6 21. Re4 Nf8 22. a5 Bc7 23. Rae1 Ne6 24. Qc2 Rbc8 25. Ba2 Bd6 26. Bb1 c5 ({Better is} 26... Nf8) 27. dxc5 Bxc5 $2 (27... Rxc5 $16 28. Rc4 Rxc4 29. Qxc4 Bf8) 28. Rc4 $18 b5 (28... g6 {was called for.} 29. Rxe6 {[%mdl 64] Remove Defender} (29. Bxh6 Nb4 $16) 29... fxe6 30. Bxh6 (30. Rxc5 Rf8 $16) 30... Rf8 31. Bxf8 (31. Qxg6+ Qxg6 32. Bxg6 Rf6 $16) 31... Rxf8) 29. axb6 Nxb6 (29... axb6 $142 30. b4 g6 31. bxc5 b5) 30. Rxc5 $2 (30. Qh7+ Kf8 {[#]} 31. Rxe6 $1 {[%mdl 512]} Qxe6 32. Re4 Qxe4 33. Bxe4 Rxd2 34. Nxd2) 30... Qxf3+ $2 (30... Rxc5 31. Qh7+ Kf8) 31. Kxf3 {[#] Rxc8 would kill now.White is clearly winning.} Nd4+ 32. Kg2 {White threatens Qh7+ and mate.} ({And not} 32. Ke3 Nxc2+ 33. Rxc2 Rxc2 $11) 32... Nxc2 33. Rxc2 {Accuracy: White = 63%, Black = 25%.} 1-0

[Event "African Games Rapid Open 2019"]
[Site "Casablanca"]
[Date "2019.08.26"]
[Round "1.4"]
[White "Beukes, Dante M"]
[Black "Bellahcene, Bilel"]
[Result "0-1"]
[WhiteElo "2130"]
[BlackElo "2550"]
[Annotator "ChessBase"]
[PlyCount "62"]
[EventDate "2019.08.26"]
[EventType "team-tourn"]
[EventCountry "MAR"]
[SourceTitle "playchess.com"]
[Source "ChessBase"]
[SourceQuality "1"]
[TimeControl "900+10"]

1. e4 {[%emt 0:00:00]} c5 {[%emt 0:00:00]} 2. Nf3 {[%emt 0:00:02]} Nc6 {[%emt 0:00:00]} 3. Bb5 {[%emt 0:00:05]} d6 {[%emt 0:00:00]} 4. O-O {[%emt 0:00:10]} Bd7 {[%emt 0:00:00]} 5. Re1 {[%emt 0:00:08]} Nf6 {[%emt 0:00:00]} 6. c3 a6 7. Bf1 {[%emt 0:00:15]} Bg4 {[%emt 0:00:00]} 8. d3 {[%emt 0:01:07]} e6 {[%emt 0:00:01]} 9. Nbd2 {[%emt 0:00:05]} Be7 {[%emt 0:00:10]} 10. h3 {[%emt 0:00:05]} Bh5 {[%emt 0:00:01]} 11. Be2 {[%emt 0:00:10]} d5 {[%emt 0:00:32]} 12. e5 {[%emt 0:01:59]} Nd7 {[%emt 0:00:01]} 13. d4 {[%emt 0:00:01]} cxd4 {[%emt 0:00:01]} 14. cxd4 {[%emt 0:00:02]} Bg6 {[%emt 0:00:15]} 15. a3 {[%emt 0:01:08]} Rc8 {[%emt 0:02:11]} 16. Nb1 {[%emt 0:00:48]} Na5 {[%emt 0:01:06]} 17. Nc3 {[%emt 0:00:12]} Qb6 {[%emt 0:00:02]} 18. Bd3 {[%emt 0:01:38]} O-O {[%emt 0:00:05]} 19. Bxg6 {[%emt 0:01:40]} fxg6 {[%emt 0:00:03]} 20. Qe2 {[%emt 0:01:23]} Nb3 {[%emt 0:00:11]} 21. Rb1 {[%emt 0:00:11]} Nxd4 {[%emt 0:00:04]} 22. Nxd4 {[%emt 0:00:18]} Qxd4 {[%emt 0:00:02]} 23. Qd2 {[%emt 0:02:19]} Qxd2 {[%emt 0:00:28]} 24. Bxd2 {[%emt 0:00:02]} Bc5 {[%emt 0:00:01]} 25. Re2 {[%emt 0:00:21]} Bd4 {[%emt 0:00:05]} 26. Rbe1 {[%emt 0:00:18]} Rf5 {[%emt 0:00:02]} 27. Nxd5 {[%emt 0:00:38]} exd5 {[%emt 0:00:10]} 28. e6 {[%emt 0:00:01]} Ne5 {[%emt 0:00:34]} 29. Bc3 {[%emt 0:00:11]} Bxc3 {[%emt 0:00:17]} 30. bxc3 {[%emt 0:00:02]} Nc6 {[%emt 0:00:04]} 31. e7 {[%emt 0:00:03]} Re8 {[%emt 0:00:00]} 0-1

[Event "African Games Rapid Open 2019"]
[Site "Casablanca"]
[Date "2019.08.26"]
[Round "1.5"]
[White "Arab, Adlane"]
[Black "Eichab, Charles"]
[Result "1-0"]
[WhiteElo "2485"]
[BlackElo "2016"]
[Annotator "TA"]
[PlyCount "53"]
[EventDate "2019.08.26"]
[EventType "team-tourn"]
[EventCountry "MAR"]
[SourceTitle "playchess.com"]
[Source "ChessBase"]
[SourceQuality "1"]

{[%evp 20,52,21,10,45,24,63,44,51,43,56,27,42,31,175,176,166,162,214,213,268,260,306,305,288,222,283,211,245,232,276,259,443,453,29993]} 1. d4 Nf6 2. c4 e6 3. Nf3 b6 4. g3 Bb7 5. Bg2 Be7 6. O-O O-O 7. d5 exd5 8. Nh4 c6 9. cxd5 cxd5 10. Nf5 Na6 11. Nc3 Nc5 {E17: Queen's Indian: 4 g3 Bb7 5 Bg2 Be7} (11... Nc7 12. Bf4 d6 13. Qa4 Ne6 14. Rfd1 Nxf4 15. Qxf4 g6 16. Ne3 Rc8 17. Nexd5 Bxd5 18. Bxd5 Qd7 19. Rd2 {½-½ (43) Moiseenko,A (2627)-Chernyshov,K (2556) Moscow 2007}) 12. Bg5 h6 $146 ({Predecessor:} 12... Ne6 13. Nxe7+ Qxe7 14. Bxd5 Nxg5 15. Bxb7 Rad8 16. Bg2 d5 17. e3 Nge4 18. Qd4 Rfe8 19. Rad1 {½-½ (55) Zpevak,P (2353)-Chernyshov,K (2498) Pardubice 2017}) 13. Bf4 Re8 {White is slightly better.} 14. Nb5 {[%cal Bc3b5,Bb5d6,Bd6c4,Bc4e3,Be3d5][%mdl 32]} Ne6 15. Nxe7+ Rxe7 16. Be5 {Hoping for Bxf6.} Bc6 {[#]} ({Black should play} 16... Ne8 $14) 17. Bxf6 $1 $18 gxf6 18. Nd6 Ng7 (18... Qf8 $142 19. Nf5 (19. Bxd5 Nc7 $16) 19... Ree8) 19. Bxd5 Qc7 20. Rc1 Rf8 21. Qd2 Re5 22. e4 h5 23. Nc4 Re7 24. Ne3 Qb7 25. Qd4 Bxd5 $2 {[#]} (25... Qb8 26. f4 Rfe8 27. Qxf6 Bxd5) 26. Nxd5 ({Weaker is} 26. Qxd5 Qxd5 27. Nxd5 Re6 $18) 26... Re5 {Accuracy: White = 67%, Black = 14%.} (26... Re6 $18 27. Nxf6+ Rxf6) 27. Nxf6+ 1-0

[Event "African Games Rapid Open 2019"]
[Site "Casablanca"]
[Date "2019.08.26"]
[Round "1.6"]
[White "Ebosse, Kingue Victor Patric"]
[Black "Tissir, Mohamed"]
[Result "0-1"]
[WhiteElo "2055"]
[BlackElo "2379"]
[Annotator "TA"]
[PlyCount "92"]
[EventDate "2019.08.26"]
[EventType "team-tourn"]
[EventCountry "MAR"]
[SourceTitle "playchess.com"]
[Source "ChessBase"]
[SourceQuality "1"]

{[%evp 17,92,52,83,62,72,74,79,47,66,52,31,32,78,3,9,14,9,18,12,-101,-66,-68,-56,-84,-80,-102,-138,-146,-83,-109,-63,-1072,-1060,-1272,-1214,-1227,-1182,-1534,-1004,-987,-957,-1083,-1101,-1830,-1761,-2025,-1537,-29984,-29984,-29984,-29985,-29985,-29986,-29986,-29987,-29987,-29986,-29988,-29987,-29987,-29988,-29991,-29990,-29991,-29991,-29991,-29992,-29992,-29991,-29992,-29993,-29995,-29987,-29989,-29990,-29994,-29995]} 1. e4 d6 2. d4 g6 3. Nc3 Bg7 4. f4 a6 5. a4 Nd7 6. Nf3 c5 7. d5 Ngf6 8. Be2 O-O 9. O-O Rb8 10. a5 {A43: Schmid Benoni} (10. Qe1 Qc7 11. Kh1 Ra8 12. Qh4 b6 13. f5 Re8 14. Bf4 Bb7 15. Rae1 c4 16. Bh6 Bh8 17. fxg6 hxg6 {1-0 (28) Cesetti,C (2560)-Magallanes,F (2510) ICCF email 2010}) 10... b5 11. axb6 $1 Rxb6 12. h3 $146 {White is better.} ({Predecessor:} 12. Nd2 Nb8 13. Nc4 Rb4 14. Bd2 Qc7 15. e5 Ng4 16. Ne4 f5 17. Bxb4 cxb4 18. exd6 exd6 19. Nexd6 {1-0 (60) Bai,A (2100)-Orio,R (1793) Makati 2018}) 12... Qc7 13. Qe1 Rb4 14. Bd3 ({Of course not} 14. Bxa6 Qa7 $15) 14... Bb7 15. g4 (15. Nd1 $16) 15... e6 $11 16. dxe6 ({Reject} 16. Bxa6 Ra8 $17) 16... fxe6 17. Ng5 Re8 18. f5 (18. Bxa6 $11 h6 19. Bxb7 Qxb7 20. Nf3) 18... exf5 19. gxf5 gxf5 20. Rxf5 d5 {And now ...h6 would win.} 21. Bf4 Qb6 {Hoping for ...h6.} 22. Kh2 {[#] Black should prevent Qg3.} h6 $1 {White must now prevent ...c4.} 23. Qh4 {next Rg1 is good for White.} dxe4 24. Rg1 $2 {[%mdl 8192]} (24. Be2 $15) 24... exd3 $19 25. Nf3 Re7 26. Qg3 Qe6 27. Qg6 Ne8 28. Qxe6+ Rxe6 29. cxd3 Rxb2+ 30. Kg3 Rg6+ 31. Bg5 hxg5 32. Kg4 Nef6+ {Black mates.} 33. Kg3 Nh5+ {[%mdl 64] Discovered Attack} 34. Kg4 Ndf6+ 35. Rxf6 Nxf6+ 36. Kg3 Nh5+ {[%mdl 64] Discovered Attack} 37. Kg4 Bxc3 38. Kxh5 Kg7 39. Nxg5 Rh6+ 40. Kg4 Bc8+ 41. Kg3 Be5+ 42. Kf3 {[#]} Rg6 $1 43. h4 Bb7+ 44. Kg4 Rg2+ 45. Kf5 Rxg1 46. Ne6+ {[#]} Rxe6 $1 {Accuracy: White = 36%, Black = 73%.} 0-1

[Event "African Games Rapid Open 2019"]
[Site "Casablanca"]
[Date "2019.08.26"]
[Round "1.7"]
[White "Makoto, Rodwell"]
[Black "Sang, Ricky"]
[Result "1-0"]
[WhiteElo "2373"]
[BlackElo "1971"]
[Annotator "TA"]
[PlyCount "87"]
[EventDate "2019.08.26"]
[EventType "team-tourn"]
[EventCountry "MAR"]
[SourceTitle "playchess.com"]
[Source "ChessBase"]
[SourceQuality "1"]

{[%evp 12,87,24,20,44,32,45,65,75,65,92,90,131,126,146,137,154,137,131,104,153,150,214,39,37,44,138,131,131,139,133,139,161,142,145,149,191,189,180,149,149,118,126,125,192,189,265,265,236,151,296,225,220,195,195,195,472,464,699,697,1400,1339,5534,5231,29975,29976,29957,11356,29977,29978,29984,29985,29985,29986,29985,29986,29988,29981]} 1. Nf3 d5 2. c4 e6 3. g3 Nf6 4. Bg2 Be7 5. d4 O-O 6. Qc2 dxc4 7. Qxc4 Bd7 {E06: Closed Catalan: Early deviations} (7... c6 8. O-O b5 9. Qc2 Bb7 10. Nc3 Nbd7 11. Rd1 Qb6 12. a4 b4 13. a5 Qa6 14. Na4 c5 15. dxc5 Be4 16. Qb3 Nxc5 17. Nxc5 Bxc5 {½-½ (34) Gabuzyan,H (2556)-Huschenbeth,N (2590) Greensboro 2018}) 8. Ne5 c6 9. O-O Na6 {White is slightly better.} 10. Nc3 Nc7 $146 ({Predecessor:} 10... Rc8 11. Rd1 h6 {½-½ (30) Ocepek,M (2009)-Korosec,S (2022) Gostovanja 2014}) 11. e4 Re8 12. Be3 Bf8 13. Rad1 Qc8 14. f4 Rd8 15. a3 Nce8 16. Qb3 c5 {[#]} (16... Nd6 $16 17. f5 exf5) 17. d5 $2 ({White should play} 17. f5 $1 $18) 17... exd5 $1 $14 18. Nxd7 Qxd7 (18... Rxd7 $14 19. Nxd5 (19. exd5 Ng4 $11) 19... Nxd5 20. Rxd5 (20. exd5 c4 $14) 20... c4) 19. Nxd5 $16 Nxd5 20. Rxd5 {[%mdl 64] Double Attack} ({Much less strong is} 20. Qxd5 $6 Qxd5 21. exd5 Nf6 $14) 20... Qc7 21. e5 Rab8 22. Rfd1 Rxd5 23. Qxd5 Qb6 24. f5 {Hoping for Qd7.} Be7 25. e6 fxe6 26. Qxe6+ Qxe6 27. fxe6 Nf6 (27... g5 $16 {was called for.} 28. h4 (28. Rd7 Kf8 $16) 28... h6) 28. Bf4 $18 Rd8 (28... Re8 {was necessary.} 29. Bxb7 c4) 29. Rxd8+ Bxd8 30. Bxb7 {[%mdl 4096] Endgame KBB-KBN} Bb6 (30... Ne8 $16 {might work better.} 31. Bb8 Bb6) 31. Kf1 Ne8 32. Bc6 Kf8 33. Ke2 h6 $2 (33... c4 34. Be5 Ke7) 34. Kd3 Ke7 {[#]} (34... Bd8 $142 35. Kc4 Be7) 35. Bxe8 $1 Kxe8 {KB-KB} 36. Bd6 g5 37. Kc4 h5 38. Bxc5 Bc7 39. Bxa7 h4 40. gxh4 {White mates.} gxh4 41. h3 Ke7 42. Kd5 Bg3 43. b4 Ke8 44. Ke4 {Accuracy: White = 52%, Black = 25%.} 1-0

[Event "African Games Rapid Open 2019"]
[Site "Casablanca"]
[Date "2019.08.26"]
[Round "1.8"]
[White "Yahi, Mohamed Salem"]
[Black "Ssegwanyi, Arthur"]
[Result "0-1"]
[WhiteElo "1928"]
[BlackElo "2335"]
[Annotator "TA"]
[PlyCount "44"]
[EventDate "2019.08.26"]
[EventType "team-tourn"]
[EventCountry "MAR"]
[SourceTitle "playchess.com"]
[Source "ChessBase"]
[SourceQuality "1"]

{[%evp 12,50,33,-8,-17,-21,-19,-25,-18,-17,-2,-26,-25,-14,-28,-30,-31,-80,-80,-68,-76,-147,-145,-151,-138,-234,-112,-272,-112,-488,-470,-646,-609,-678,-579,-579,-464,-1095,-1079,-1255,-1243]} 1. d4 d5 2. c4 e6 3. Nc3 c5 4. cxd5 cxd4 5. Qxd4 Nc6 6. Qd1 exd5 7. e3 ({But not} 7. Nxd5 Be6 $15) 7... Nf6 {D32: Tarrasch Defence: Sidelines and lines without g3} 8. Bb5 (8. Nf3 a6 9. Be2 Bd6 10. O-O O-O 11. b3 Re8 12. Bb2 Bc7 13. Qc2 Qd6 14. Rad1 d4 15. g3 Bh3 16. Nxd4 Bxf1 17. Bxf1 Nxd4 18. Rxd4 Qe7 19. Bg2 Be5 {0-1 (28) Velten,P (2455)-Kapnisis,S (2469) Anogia 2017}) 8... Bc5 9. Nge2 O-O {Black has an edge.} 10. O-O Ne5 $146 ({Predecessor:} 10... a6 11. Ba4 b5 12. Bb3 d4 13. exd4 Nxd4 14. Nxd4 Qxd4 {0-1 (82) Grein,B (1778)-Kocevar,T (2006) Ljubljana 2014}) 11. Nd4 a6 12. Be2 Qd6 13. h3 Ba7 14. Nf3 Nxf3+ 15. Bxf3 {[%cal Rc3d5]} Bb8 {[%csl Gb8][%cal Rd6h2]} 16. Re1 {[#]} (16. g3 $142) 16... Qh2+ $1 $17 17. Kf1 Be6 {Hoping for ...d4!} 18. b3 (18. Ke2 $17 {was called for.}) 18... Ba7 (18... Be5 $19 {and Black stays clearly on top.} 19. Bb2 Rfd8) 19. Qd3 $2 (19. Bb2 $17) 19... Nd7 (19... Rad8 $19 {Threatens to win with ...d4.} 20. Rd1 g6) 20. Ke2 $2 {[%mdl 8192] [#]} (20. Bxd5 $17 {is more resistant.} Rad8 21. Qc2) 20... Ne5 $19 {Black is clearly winning.} 21. Qc2 Nxf3 22. gxf3 d4 {Played: Ra8-c8} 0-1

[Event "African Games Rapid Open 2019"]
[Site "Casablanca"]
[Date "2019.08.26"]
[Round "1.9"]
[White "Boudriga, Mohamed Ali"]
[Black "Kamara, Ansumana"]
[Result "1-0"]
[WhiteElo "2325"]
[BlackElo "1928"]
[Annotator "TA"]
[PlyCount "117"]
[EventDate "2019.08.26"]
[EventType "team-tourn"]
[EventCountry "MAR"]
[SourceTitle "playchess.com"]
[Source "ChessBase"]
[SourceQuality "1"]

{[%evp 9,117,29,40,28,40,33,41,34,37,48,87,37,88,46,95,46,97,58,90,100,124,100,172,121,118,121,106,87,104,78,80,94,109,105,171,172,161,189,181,200,188,62,89,41,39,18,19,20,37,0,0,10,0,0,86,86,91,82,96,85,76,83,147,140,204,150,143,141,175,144,201,108,351,340,517,289,711,711,710,709,709,709,709,660,468,464,29962,29964,29962,29963,29969,577,29970,29972,29975,29975,29978,29977,29976,29978,29977,29974,29975,5189,29978,29979,29981,29982,29987,29988]} 1. e4 e5 2. Nc3 Nc6 3. g3 d6 4. Bg2 Nf6 5. Nge2 Be7 6. O-O {C26: Vienna Game: 2...Nf6, sidelines} O-O 7. h3 (7. d3 Be6 8. f4 Bg4 9. h3 Bxe2 10. Nxe2 Nd4 11. Nxd4 exd4 12. Bd2 c6 13. g4 Nd7 {1-0 (27) Tomas Falcon,J (2188)-Vorobioff,N (1909) Villa Ballester 2019}) 7... a6 8. f4 $146 {White is slightly better.} ({Predecessor:} 8. Kh2 Bd7 9. d3 Qc8 10. f4 Nd8 11. f5 d5 12. Ng1 dxe4 13. dxe4 {1-0 (40) Tuncer,D (1461)-Ergin,F (1765) Canakkale 2016}) 8... exf4 9. Nxf4 Re8 10. d3 h6 (10... Ne5 $14) 11. Be3 Bd7 12. Qd2 Qc8 (12... Ne5 $14) 13. Kh2 Nh7 14. Rf2 Bf6 15. Raf1 Rf8 (15... Bg5 $16) 16. d4 (16. Ncd5 $18) 16... Bg5 $16 17. Ncd5 Qd8 18. a3 Rc8 19. b4 (19. c4 {is interesting.} Ne7 20. Nb4 c5 21. dxc5 dxc5 22. Nbd3) 19... Ne7 20. Nxe7+ Bxe7 21. c4 c6 (21... Bg5 $16 22. e5 dxe5) 22. c5 $18 dxc5 23. bxc5 b5 24. cxb6 Qxb6 {[#]} 25. Qc3 ({White should try} 25. e5 $1 $18) 25... Rb8 $1 $14 26. Rc1 {Hoping for d5.} Qb3 27. Nd3 Bxa3 28. Rcc2 a5 29. Ne5 Be8 ({Much weaker is} 29... Qxc3 30. Rxc3 Bb4 31. Rc4 $16 (31. Nxd7 Bxc3 32. Nxb8 Rxb8 $11)) 30. Qd2 $36 {[%mdl 2048] Black should prevent Rc3. Black is under pressure.} Bb4 $1 {[%cal Rb4d2]} 31. Qc1 Qe6 (31... Ba3 $11 32. Qd2 Bb4) 32. Nxc6 $16 Bxc6 33. Rxc6 Rbc8 34. Rfc2 Rxc6 35. Rxc6 Qd7 (35... Qb3 $142) 36. e5 Rd8 (36... Qf5 $16 37. Qd1 Rd8) 37. Qc4 Nf8 38. d5 Qf5 39. Bd4 Re8 (39... Ng6 $16 {was worth a try.}) 40. Rc7 ({Better is} 40. Qe2 $18) 40... Ng6 $2 {[#]} (40... Rxe5 $16 41. Bxe5 Qxe5) 41. e6 $1 $18 {[%cal Re6f7][%mdl 512]} Ne7 (41... Re7 $142 42. Rxe7 Nxe7) (41... fxe6 42. Rxg7+) 42. Bc5 Bxc5 $2 (42... fxe6 43. d6 (43. dxe6 Bxc5 44. Rxc5 Qf2 $16) 43... Nd5 44. Bxb4 Nxc7) 43. Qxc5 fxe6 44. Rxe7 Rxe7 45. Qxe7 exd5 46. Qd8+ Kh7 47. Qxa5 g5 (47... Qe5 $18 48. Bxd5 Qe2+ 49. Bg2 h5) 48. Qxd5 Qf2 49. Qf3 Qd2 50. Qf7+ Kh8 51. Qg6 g4 52. Qxg4 Kh7 53. Qf5+ Kg7 54. h4 Qe2 55. Qf3 Qd2 56. Qg4+ (56. Kh3 $142 Qd6 57. Qf5 Qe7 58. Bd5 Qe8 59. Be4 h5 60. Kg2 Kg8 61. Qg6+ Qxg6 62. Bxg6) 56... Kh7 57. Kh3 {White mates.} Kh8 58. Qe6 Kg7 59. Bd5 {Accuracy: White = 50%, Black = 39%.} 1-0

[Event "African Games Rapid Open 2019"]
[Site "Casablanca"]
[Date "2019.08.26"]
[Round "1.10"]
[White "Marie, Patrick"]
[Black "Zaibi, Amir"]
[Result "0-1"]
[WhiteElo "1921"]
[BlackElo "2367"]
[Annotator "TA"]
[PlyCount "58"]
[EventDate "2019.08.26"]
[EventType "team-tourn"]
[EventCountry "MAR"]
[SourceTitle "playchess.com"]
[Source "ChessBase"]
[SourceQuality "1"]

{[%evp 15,58,14,46,54,66,52,56,73,49,0,56,-25,-20,-14,0,-52,-13,-49,-45,-46,-25,-63,-50,-112,-59,-133,-117,-111,-48,-151,-145,-547,-535,-603,-460,-459,-458,-484,-477,-485,-480,-469,-463,-1279,-1275]} 1. e4 c5 2. Nc3 e6 3. g3 Nc6 4. Bg2 Nf6 5. Nge2 Be7 6. O-O O-O 7. d4 cxd4 8. Nxd4 a6 9. Nxc6 {B24: Closed Sicilian: 3 g3 sidelines} bxc6 (9... dxc6 10. e5 Qxd1 11. Rxd1 Ng4 12. Re1 Bb4 13. h3 Nh6 14. Bxh6 Bxc3 15. bxc3 gxh6 16. Rad1 f6 17. exf6 {1-0 (42) Safarli,E (2671)-Ahmed,S (2165) Dhaka 2018}) 10. e5 $1 {[%cal Re5f6]} Ne8 11. Be3 {White is slightly better.} Qc7 $146 ({Predecessor:} 11... Bb7 12. Qd2 d6 13. exd6 Nxd6 14. Qe2 Qa5 15. Rad1 Rfd8 16. Ne4 Nxe4 17. Bxe4 {1-0 (61) Flores Quillas,D (1999)-Vega Pacheco,H (1558) Lima 2017}) 12. Qd4 Rb8 (12... c5 $11 13. Qd3 Rb8) 13. b3 (13. Ne4 $14) 13... Rb4 $11 14. Qd2 Qxe5 15. Bf4 (15. Na4 $11) 15... Qd4 (15... Rxf4 {feels hotter.} 16. gxf4 Qc7 17. Ne2 Nf6 18. c4 d5) 16. Rad1 Qxd2 17. Rxd2 d5 18. Re1 Nf6 19. h3 {[#]} (19. Na4 $15) 19... a5 (19... Rxf4 $1 $17 {[%mdl 512]} 20. gxf4 Bb4) 20. Be5 (20. Na4 $15) 20... Ba6 21. Bc7 a4 ({Better is} 21... Ra8 $17 22. Bxa5 Rb7) 22. Ba5 {[#]} ({White should try} 22. Nxa4 $15 Rb7 23. Be5) 22... axb3 $1 $17 {[%mdl 512]} 23. Bxb4 $4 {[%mdl 8192]} (23. axb3 $17 Rb7 24. Ne2) 23... Bxb4 $19 {Black is clearly winning.} 24. Re3 bxa2 25. Rd1 Bc4 26. Bf1 Ra8 27. Ra1 {intending Bxc4.} Bxf1 ({Less strong is} 27... Bxc3 28. Rxc3 Ra4 29. Bxc4 $19) 28. Kxf1 {[#]} d4 $1 {[%csl LRc3,LRe3][%mdl 64] Double Attack} 29. Rd3 (29. Rxa2 $142 Rb8 30. Re5) 29... Bxc3 {Accuracy: White = 15%, Black = 56%.} 0-1